Geog.2 teacher's handbook : 4th edtion / (Record no. 6174)

MARC details
000 -LEADER
fixed length control field 00875nam a22002297a 4500
001 - CONTROL NUMBER
control field 6174
003 - CONTROL NUMBER IDENTIFIER
control field FISKH
005 - DATE AND TIME OF LATEST TRANSACTION
control field 20250324122718.0
008 - FIXED-LENGTH DATA ELEMENTS--GENERAL INFORMATION
fixed length control field 250324b cb ||||| |||| 00| 0 eng d
020 ## - INTERNATIONAL STANDARD BOOK NUMBER
International Standard Book Number 9780198393092
040 ## - CATALOGING SOURCE
Original cataloging agency FISKH
Language of cataloging eng
Transcribing agency FISKH
Modifying agency FISKH
050 ## - LIBRARY OF CONGRESS CALL NUMBER
Classification number PZ7
082 ## - DEWEY DECIMAL CLASSIFICATION NUMBER
Classification number 900
100 ## - MAIN ENTRY--PERSONAL NAME
Personal name Burrell, Gillian
245 ## - TITLE STATEMENT
Title Geog.2 teacher's handbook : 4th edtion /
Statement of responsibility, etc. By Gillian Burrell
250 ## - EDITION STATEMENT
Edition statement First published 2001
260 ## - PUBLICATION, DISTRIBUTION, ETC.
Place of publication, distribution, etc. Oxford :
Name of publisher, distributor, etc. Oxford University Press ;
Date of publication, distribution, etc. 2015.
300 ## - PHYSICAL DESCRIPTION
Extent 170 pages :
Other physical details illustrations ;
Dimensions 30 cm .
520 ## - SUMMARY, ETC.
Summary, etc. A new edition of 'geog.2' teacher's handbook, providing vital and outstanding support for teachers using the 'geog.2' student book, this text has been revised and updated to deliver the new programme of study for geography at key stage 3 (for teaching from 2014).
942 ## - ADDED ENTRY ELEMENTS (KOHA)
Source of classification or shelving scheme Dewey Decimal Classification
Koha item type Books
Suppress in OPAC No
Holdings
Withdrawn status Lost status Source of classification or shelving scheme Damaged status Not for loan Collection Home library Current library Shelving location Date acquired Total Checkouts Full call number Barcode Date last seen Price effective from Koha item type
    Dewey Decimal Classification     Non-Fiction Footprints International School Library Network Toul Tom Poung Campus Footprints International School Library Network Toul Tom Poung Campus TTP Secondary Non-Fiction Bookshelves 03/24/2025   BUR PZ7 900 2025-0805 03/24/2025 03/24/2025 Books